LEADER 00937nam0-22002891i-450- 001 990006243210403321 005 19980601 035 $a000624321 035 $aFED01000624321 035 $a(Aleph)000624321FED01 035 $a000624321 100 $a19980601d1958----km-y0itay50------ba 105 $a--------00-yy 200 1 $aComparaison du niveau des tarifs douaniers des pays du marche' commun$fR. Bertrand. 210 $aParis$cISEA$d1958 215 $a57 p.$d24 cm 225 1 $aCahiers de l'Institut de science économique appliquée$hSerie R$iEtudes et matériaux pour le Marché commun$v2 676 $a382.72 700 1$aBertrand,$bRaymond$0119812 801 0$aIT$bUNINA$gRICA$2UNIMARC 901 $aBK 912 $a990006243210403321 952 $aXV C 67 R (2)$b55354$fFGBC 959 $aFGBC 996 $aComparaison du niveau des tarifs douaniers des pays du marche' commun$9638822 997 $aUNINA DB $aGIU01 LEADER 01139nam0-22003251i-450- 001 990005580080403321 005 20060703123239.0 035 $a000558008 035 $aFED01000558008 035 $a(Aleph)000558008FED01 035 $a000558008 100 $a19990604d1978----km-y0itay50------ba 101 0 $aita 105 $aa---bb--00--- 200 1 $a<>italiani nelle fotografie di Mario Nunes Vais$eRoma, Palazzo Venezia, Sala Barbo, 15 novembre-10 dicembre 1978$fprefazione di Oreste Ferrari$gcatalogo a cura di Maria Teresa Contini 210 $aFirenze$cCentro Di$d1978 215 $a122 p.$cill.$d22 cm 610 0 $aNunes Vais, Mario$aEsposizioni$a1978 676 $a770.92$v21$zita 702 1$aContini,$bMaria Teresa 702 1$aFerrari,$bOreste$f<1927-2005> 702 1$aNunes Vais,$bMario 712 02$aIstituto centrale per il catalogo e la documentazione 801 0$aIT$bUNINA$gRICA$2UNIMARC 901 $aBK 912 $a990005580080403321 952 $a770.92 MOSTRE ROMA 1978$bST.ARTE 13971$fFLFBC 959 $aFLFBC 996 $aItaliani nelle fotografie di Mario Nunes Vais$9607415 997 $aUNINA